[Event "BRA-ch U16 Girls"]
[Site "Sao Paulo"]
[Date "2018.03.30"]
[Round "2"]
[White "Kikuchi Cadilhac, Mariana Sawae"]
[Black "Primo E Silva, Beatriz"]
[Result "0-1"]
[WhiteElo "1626"]
[BlackElo "1687"]
[PlyCount "66"]
[EventDate "2018.03.29"]
[EventType "swiss"]
[EventRounds "6"]
[EventCountry "BRA"]
[SourceTitle "EXT 2019"]
[Source "ChessBase"]
[SourceDate "2018.10.10"]
[SourceVersion "1"]
[SourceVersionDate "2018.10.10"]
[SourceQuality "1"]

1. e4 c5 2. Nc3 Nc6 3. g3 g6 4. Bg2 Bg7 5. d3 d6 6. Nge2 e6 7. Be3 Nd4 8. Qd2 Rb8 9. a4 a6 10. a5 Nc6 11. Nd1 Nd4 12. Nec3 Ne7 13. Na4 Nec6 14. Nb6 0-0 15. Ra4 Qc7 16. 0-0 Bd7 17. f3 Nb4 18. c3 Nb3 19. Qe1 Nxd3 20. Qe2 Bxa4 21. Qxd3 Bc6 22. Nc4 Rfd8 23. Qc2 Nxa5 24. Na3 b5 25. b4 cxb4 26. cxb4 Nb7 27. Nf2 a5 28. Nxb5 Qd7 29. Na7 Ba4 30. Qa2 axb4 31. Bb6 Re8 32. Rc1 Nc5 33. Bxc5 dxc5 0-1

[Event "Florianopolis op 4th"]
[Site "Florianopolis"]
[Date "2018.01.22"]
[Round "6"]
[White "Primo E Silva, Beatriz"]
[Black "Raimundo, Airton Carlos Nunes"]
[Result "1-0"]
[WhiteElo "1617"]
[BlackElo "2039"]
[PlyCount "89"]
[EventDate "2018.01.19"]
[EventType "swiss"]
[EventRounds "10"]
[EventCountry "BRA"]
[SourceTitle "EXT 2019"]
[Source "ChessBase"]
[SourceDate "2018.10.10"]
[SourceVersion "1"]
[SourceVersionDate "2018.10.10"]
[SourceQuality "1"]

1. e4 c5 2. c3 e6 3. d4 d5 4. exd5 Qxd5 5. Nf3 Nc6 6. Bd3 cxd4 7. cxd4 Bb4+ 8. Bd2 Bxd2+ 9. Qxd2 Nf6 10. Nc3 Qa5 11. Bc4 0-0 12. 0-0 Rd8 13. Rad1 a6 14. a3 b5 15. Ba2 b4 16. Ne2 Bb7 17. Qe1 Qb6 18. Rd3 a5 19. Bc4 Rac8 20. axb4 Nxb4 21. Rc3 Bxf3 22. gxf3 Nfd5 23. Bxd5 Nxd5 24. Rxc8 Rxc8 25. Qd2 Nb4 26. Nc3 Rd8 27. Rd1 Rd6 28. Kh1 Qd8 29. Kg1 Qf6 30. Ne4 Qg6+ 31. Qg5 Qxg5+ 32. Nxg5 Nc6 33. Rc1 Nd8 34. Rc4 f5 35. Rc8 Kf8 36. Rxd8+ Rxd8 37. Nxe6+ Ke7 38. Nxd8 Kxd8 39. Kf1 Kd7 40. Ke2 Kd6 41. Kd3 Kd5 42. f4 h5 43. h4 a4 44. Kc3 Ke4 45. Kc4 1-0

[Event "Florianopolis op 4th"]
[Site "Florianopolis"]
[Date "2018.01.20"]
[Round "2"]
[White "Primo E Silva, Beatriz"]
[Black "Ribeiro, Regina"]
[Result "0-1"]
[WhiteElo "1617"]
[BlackElo "1960"]
[PlyCount "69"]
[EventDate "2018.01.19"]
[EventType "swiss"]
[EventRounds "10"]
[EventCountry "BRA"]
[SourceTitle "CBM 182 Extra"]
[Source "ChessBase"]
[SourceDate "2018.02.23"]
[SourceVersion "1"]
[SourceVersionDate "2018.02.23"]
[SourceQuality "1"]

1. e4 c5 2. c3 Nf6 3. e5 Nd5 4. d4 d6 5. Bc4 Nb6 6. Bb5+ Bd7 7. Bxd7+ N8xd7 8. exd6 exd6 9. Nf3 Be7 10. 0-0 0-0 11. Re1 Re8 12. Nbd2 Nf6 13. Ne4 Nxe4 14. Rxe4 d5 15. Re1 c4 16. Bf4 Qd7 17. Qd2 f6 18. Qc2 Nc8 19. Re2 Nd6 20. Rae1 Ne4 21. Nd2 Nxd2 22. Bxd2 g6 23. Bc1 Bd6 24. Qd2 g5 25. Rxe8+ Rxe8 26. Rxe8+ Qxe8 27. Qe3 Kf7 28. Qxe8+ Kxe8 29. g3 Kd7 30. Kg2 g4 31. f3 f5 32. f4 Kc6 33. Kf2 Kb5 34. Ke2 a5 35. Kd1 0-1

[Event "BRA-ch Amateur U2000"]
[Site "Sao Paulo"]
[Date "2017.10.14"]
[Round "5"]
[White "Farias, Jose Nogueira de"]
[Black "Primo E Silva, Beatriz"]
[Result "1/2-1/2"]
[WhiteElo "1928"]
[BlackElo "1623"]
[PlyCount "94"]
[EventDate "2017.10.12"]
[EventType "swiss"]
[EventRounds "7"]
[EventCountry "BRA"]
[SourceTitle "EXT 2019"]
[Source "ChessBase"]
[SourceDate "2018.10.10"]
[SourceVersion "1"]
[SourceVersionDate "2018.10.10"]
[SourceQuality "1"]

1. e4 c5 2. Nf3 Nc6 3. d4 cxd4 4. Nxd4 g6 5. Nxc6 bxc6 6. Qd4 Nf6 7. e5 Nd5 8. e6 f6 9. exd7+ Bxd7 10. Bc4 e5 11. Qd1 Be6 12. 0-0 Bg7 13. Qe2 Qb6 14. Bb3 0-0 15. Be3 Qb7 16. Bc5 Rfe8 17. Nd2 Qb5 18. Qxb5 cxb5 19. Ne4 Rec8 20. Be3 Nc7 21. Nd6 Rcb8 22. Bxe6+ Nxe6 23. Ne4 Rc8 24. c3 a6 25. Rfd1 Rd8 26. Bb6 Rdb8 27. Rd6 Re8 28. Rad1 f5 29. Nc5 Nxc5 30. Bxc5 Bf8 31. R6d5 Bxc5 32. Rxc5 Rad8 33. Rcd5 Rxd5 34. Rxd5 Kf7 35. Kf1 Ke6 36. Rd2 Ke7 37. Ke2 Rd8 38. Rxd8 Kxd8 39. Kd3 Kc7 40. c4 Kc6 41. cxb5+ axb5 42. f3 h5 43. a3 Kc5 44. b3 g5 45. h3 h4 46. a4 Kb4 47. axb5 Kxb5 1/2-1/2

[Event "BRA-ch U16 Girls"]
[Site "Itajai"]
[Date "2017.06.03"]
[Round "4"]
[White "Salvadego, Erika Giovana De O"]
[Black "Primo E Silva, Beatriz"]
[Result "1/2-1/2"]
[WhiteElo "1170"]
[BlackElo "1449"]
[PlyCount "50"]
[EventDate "2017.06.01"]
[EventType "swiss"]
[EventRounds "6"]
[EventCountry "BRA"]
[SourceTitle "CBM 179 Extra"]
[Source "ChessBase"]
[SourceDate "2017.08.23"]
[SourceVersion "1"]
[SourceVersionDate "2017.08.23"]
[SourceQuality "1"]

1. d4 Nf6 2. c4 e5 3. dxe5 Ng4 4. Bf4 g5 5. Bg3 Bg7 6. Nf3 Nc6 7. e3 Ngxe5 8. Nxe5 Nxe5 9. Be2 d6 10. Nd2 Be6 11. b3 Qe7 12. Rc1 0-0-0 13. Qc2 h5 14. h3 f5 15. c5 Kb8 16. a4 dxc5 17. Qxc5 Qxc5 18. Rxc5 Rd5 19. Rxd5 Bxd5 20. f3 Ng6 21. Bc4 Bxc4 22. Nxc4 Re8 23. Kf2 Rd8 24. Ke2 Re8 25. Kf2 Rd8 1/2-1/2

[Event "Sao Paulo op-C U1700 6th"]
[Site "Sao Paulo"]
[Date "2017.04.14"]
[Round "1"]
[White "Da Conceicao, Romeu Firmino"]
[Black "Primo E Silva, Beatriz"]
[Result "1-0"]
[WhiteElo "1651"]
[BlackElo "1422"]
[PlyCount "93"]
[EventDate "2017.04.14"]
[EventType "swiss"]
[EventRounds "6"]
[EventCountry "BRA"]
[SourceTitle "EXT 2019"]
[Source "ChessBase"]
[SourceDate "2018.10.10"]
[SourceVersion "1"]
[SourceVersionDate "2018.10.10"]
[SourceQuality "1"]

1. Nf3 d5 2. g3 c5 3. Bg2 Nc6 4. c4 d4 5. d3 e5 6. Nbd2 f6 7. 0-0 Bg4 8. h3 Be6 9. Ne1 Qd7 10. Kh2 Bd6 11. Nc2 Nge7 12. a3 0-0 13. Ne4 Bc7 14. Nxc5 Qc8 15. Nxe6 Qxe6 16. Bd2 Kh8 17. b4 Rab8 18. a4 Rfd8 19. Na3 a6 20. Qc2 Na7 21. b5 axb5 22. axb5 Nac8 23. Qb2 Bd6 24. Nc2 Bc5 25. Ra2 Nb6 26. Rfa1 Qd7 27. Bb4 Qc7 28. Ra5 Rdc8 29. Na3 Nd7 30. Nb1 Qd6 31. Nd2 Bxb4 32. Ne4 Bc3 33. Qxc3 dxc3 34. Nxd6 Rc7 35. Rc1 Nc5 36. Rxc3 Nc8 37. b6 Nxb6 38. Ne4 Nbd7 39. Rca3 Rcc8 40. Nd6 Rf8 41. Ra7 b6 42. Bd5 h6 43. e3 f5 44. d4 exd4 45. exd4 Ne4 46. Rxd7 Nxf2 47. Raa7 1-0

[Event "Sao Paulo Hebraica op 24th"]
[Site "Sao Paulo"]
[Date "2017.01.15"]
[Round "5"]
[White "Primo E Silva, Beatriz"]
[Black "Oliveira, Francisco Evandro S"]
[Result "1-0"]
[WhiteElo "1445"]
[BlackElo "1621"]
[PlyCount "53"]
[EventDate "2017.01.13"]
[EventType "swiss"]
[EventRounds "6"]
[EventCountry "BRA"]
[SourceTitle "CBM 176 Extra"]
[Source "ChessBase"]
[SourceDate "2017.03.02"]
[SourceVersion "1"]
[SourceVersionDate "2017.03.02"]
[SourceQuality "1"]

1. e4 e6 2. d4 d5 3. Nd2 c5 4. c3 Nc6 5. Ngf3 Be7 6. Bd3 Qb6 7. Nf1 cxd4 8. cxd4 Nxd4 9. Nxd4 Qxd4 10. Bb5+ Bd7 11. Bxd7+ Kxd7 12. Qxd4 Bf6 13. Qa4+ Ke7 14. exd5 exd5 15. Ne3 Rd8 16. Qxa7 Rd7 17. Qc5+ Ke6 18. 0-0 Be7 19. Qc2 g6 20. Re1 Kf6 21. Ng4+ Kg7 22. Qc3+ d4 23. Qc8 Rd8 24. Qxb7 Re8 25. Qd7 Nf6 26. Bh6+ Kg8 27. Nxf6+ 1-0

[Event "South America-ch U14 Girls 13th"]
[Site "Santiago de Chile"]
[Date "2016.12.05"]
[Round "7"]
[White "Guaicha Encalada, Jennifer"]
[Black "Primo E Silva, Beatriz"]
[Result "1-0"]
[WhiteElo "1588"]
[BlackElo "1395"]
[PlyCount "66"]
[EventDate "2016.12.01"]
[EventType "swiss"]
[EventRounds "9"]
[EventCountry "CHI"]
[SourceTitle "EXT 2018"]
[Source "ChessBase"]
[SourceDate "2017.10.13"]
[SourceVersion "1"]
[SourceVersionDate "2017.10.13"]
[SourceQuality "1"]

1. d4 d5 2. c4 dxc4 3. a4 Bf5 4. Nc3 Nf6 5. f3 c5 6. dxc5 Qxd1+ 7. Kxd1 Nc6 8. e4 0-0-0+ 9. Ke1 Nd4 10. Kf2 Be6 11. Be3 Nb3 12. Re1 g6 13. Nge2 Nd7 14. c6 bxc6 15. Nf4 Na5 16. Nxe6 fxe6 17. Bd4 e5 18. Be3 Kb7 19. Nb1 e6 20. Rd1 Be7 21. Nd2 Nc5 22. Bxc4 Nxc4 23. Nxc4 Nd3+ 24. Kg3 a6 25. Rd2 Rd7 26. Rhd1 Rhd8 27. Bb6 Bb4 28. Bxd8 Bxd2 29. Rxd2 Rxd8 30. Nxe5 Nxe5 31. Rxd8 g5 32. Rh8 Kb6 33. Rxh7 Ka5 1-0

[Event "South America-ch U14 Girls 13th"]
[Site "Santiago de Chile"]
[Date "2016.12.03"]
[Round "4"]
[White "Primo E Silva, Beatriz"]
[Black "Alarcon Mamani, Valeria"]
[Result "1-0"]
[WhiteElo "1395"]
[BlackElo "1689"]
[PlyCount "71"]
[EventDate "2016.12.01"]
[EventType "swiss"]
[EventRounds "9"]
[EventCountry "CHI"]
[SourceTitle "EXT 2018"]
[Source "ChessBase"]
[SourceDate "2017.10.13"]
[SourceVersion "1"]
[SourceVersionDate "2017.10.13"]
[SourceQuality "1"]

1. e4 c5 2. c3 Nf6 3. e5 Nd5 4. d4 cxd4 5. Nf3 Nc6 6. cxd4 d6 7. h3 e6 8. Bc4 Nb6 9. Bb3 dxe5 10. dxe5 Qxd1+ 11. Kxd1 Bc5 12. Ke2 Nd4+ 13. Nxd4 Bxd4 14. f4 0-0 15. Rd1 Bc5 16. Nc3 Bd7 17. Be3 Bxe3 18. Kxe3 Bc6 19. Rd2 a5 20. a4 Rfd8 21. Rad1 Rxd2 22. Rxd2 Nd7 23. g4 Nc5 24. Bc2 g6 25. h4 Rb8 26. Rd6 Nd7 27. Be4 Nb6 28. b3 Bxe4 29. Kxe4 Rc8 30. Kd4 Na8 31. Rd7 Nc7 32. Ne4 Nd5 33. Nd6 Rc2 34. f5 Nf4 35. f6 Ne2+ 36. Kd3 1-0

[Event "South America-ch U14 Girls 13th"]
[Site "Santiago de Chile"]
[Date "2016.12.02"]
[Round "2"]
[White "Primo E Silva, Beatriz"]
[Black "Mora, Oriana"]
[Result "1/2-1/2"]
[WhiteElo "1395"]
[BlackElo "1533"]
[PlyCount "48"]
[EventDate "2016.12.01"]
[EventType "swiss"]
[EventRounds "9"]
[EventCountry "CHI"]
[SourceTitle "EXT 2018"]
[Source "ChessBase"]
[SourceDate "2017.10.13"]
[SourceVersion "1"]
[SourceVersionDate "2017.10.13"]
[SourceQuality "1"]

1. e4 d6 2. d4 Nf6 3. Nc3 g6 4. Be3 Bg7 5. f3 Nc6 6. Qd2 a6 7. 0-0-0 b5 8. Bh6 0-0 9. h4 e5 10. d5 Ne7 11. g4 b4 12. Nce2 a5 13. h5 c6 14. Bxg7 Kxg7 15. hxg6 fxg6 16. Qh6+ Kf7 17. g5 Nh5 18. Qxh7+ Ke8 19. dxc6 Be6 20. Bh3 Bxh3 21. Rxh3 Rc8 22. Rxh5 gxh5 23. Qxh5+ Rf7 24. g6 Rg7 1/2-1/2

[Event "BRA-ch Amateur U1800"]
[Site "Sao Paulo"]
[Date "2016.05.28"]
[Round "6"]
[White "Costa, Edvaldo da Cruz"]
[Black "Primo E Silva, Beatriz"]
[Result "1-0"]
[WhiteElo "1749"]
[BlackElo "1422"]
[PlyCount "119"]
[EventDate "2016.05.26"]
[EventType "swiss"]
[EventRounds "7"]
[EventCountry "BRA"]
[SourceTitle "EXT 2019"]
[Source "ChessBase"]
[SourceDate "2018.10.10"]
[SourceVersion "1"]
[SourceVersionDate "2018.10.10"]
[SourceQuality "1"]

1. d4 Nf6 2. c4 e5 3. dxe5 Ng4 4. Bf4 g5 5. Bg3 Bg7 6. Nf3 Nc6 7. h4 Ngxe5 8. Nbd2 Nxf3+ 9. Nxf3 Bxb2 10. Rb1 Bc3+ 11. Nd2 g4 12. Qc2 Bxd2+ 13. Qxd2 d6 14. e3 Qf6 15. Bd3 b6 16. 0-0 Bb7 17. Qb2 Qxb2 18. Rxb2 h5 19. Bf5 Bc8 20. Be4 Bb7 21. f3 Ke7 22. fxg4 hxg4 23. Be1 Nd8 24. Bf5 Bc8 25. g3 Rh5 26. Rbf2 Rh6 27. Bc3 Be6 28. Bxe6 Rxe6 29. Bf6+ Kd7 30. Bg5 Re4 31. Rc2 Ke6 32. Rf6+ Ke5 33. Rcf2 Rxc4 34. h5 Ne6 35. R6f5+ Ke4 36. Bf6 Kxe3 37. h6 Rc1+ 38. Kg2 c5 39. h7 c4 40. h8Q Rxh8 41. Bxh8 c3 42. Rxf7 c2 43. Bb2 Rd1 44. Rxc2 Rd2+ 45. Rxd2 Kxd2 46. Rxa7 Nc5 47. Rg7 Nd3 48. Ba3 Ne1+ 49. Kf1 Nf3 50. Bxd6 b5 51. Kf2 Nh2 52. Rb7 Nf3 53. Rxb5 Kd3 54. Rb3+ Ke4 55. Re3+ Kd4 56. Rxf3 gxf3 57. Kxf3 Kd5 58. Bf4 Ke6 59. a4 Kf5 60. a5 1-0

[Event "Sao Paulo ECP B"]
[Site "Sao Paulo"]
[Date "2016.05.14"]
[Round "8.3"]
[White "Da Rocha, Luiz C Cosenza Vie"]
[Black "Primo E Silva, Beatriz"]
[Result "1/2-1/2"]
[WhiteElo "1474"]
[BlackElo "1402"]
[PlyCount "44"]
[EventDate "2016.03.12"]
[EventType "tourn"]
[EventRounds "11"]
[EventCountry "BRA"]
[SourceTitle "EXT 2022"]
[Source "ChessBase"]
[SourceDate "2021.10.06"]
[SourceVersion "1"]
[SourceVersionDate "2021.10.06"]
[SourceQuality "1"]

1. d4 Nf6 2. c4 e5 3. dxe5 Ng4 4. Bf4 g5 5. Bg3 Nc6 6. Nf3 Bg7 7. e3 Ngxe5 8. Nxe5 Nxe5 9. Nc3 d6 10. Be2 Be6 11. Bxe5 Bxe5 12. Rc1 Qd7 13. 0-0 0-0-0 14. Qa4 Qxa4 15. Nxa4 g4 16. g3 h5 17. Nc3 Kb8 18. b4 a6 19. a4 h4 20. a5 Rh6 21. Ne4 f6 22. b5 Rdh8 1/2-1/2

[Event "Sao Paulo ECP op 6th"]
[Site "Sao Paulo"]
[Date "2015.10.25"]
[Round "6"]
[White "Primo E Silva, Beatriz"]
[Black "Da Silva, Pedro Vieira Prado"]
[Result "1/2-1/2"]
[WhiteElo "1401"]
[BlackElo "1538"]
[PlyCount "51"]
[EventDate "2015.10.23"]
[EventType "swiss"]
[EventRounds "6"]
[EventCountry "BRA"]
[SourceTitle "CBM 169 Extra"]
[Source "ChessBase"]
[SourceDate "2015.12.18"]
[SourceVersion "1"]
[SourceVersionDate "2015.12.18"]
[SourceQuality "1"]

1. d4 Nf6 2. c4 e6 3. Nc3 Bb4 4. e3 0-0 5. Nf3 c5 6. a3 Bxc3+ 7. bxc3 d5 8. cxd5 Nxd5 9. c4 Nf6 10. Bd3 cxd4 11. exd4 Nbd7 12. 0-0 Qc7 13. Be3 b6 14. Qd2 Bb7 15. Bf4 Qd8 16. Bd6 Re8 17. Qe3 Rc8 18. Rac1 Nb8 19. c5 Nd5 20. Qe5 bxc5 21. dxc5 Qf6 22. Qxf6 Nxf6 23. Ne5 Ne4 24. Bxe4 Bxe4 25. f3 Bd5 26. Rb1 1/2-1/2

[Event "Sao Paulo ECP op 6th"]
[Site "Sao Paulo"]
[Date "2015.10.24"]
[Round "3"]
[White "Vieira, Alexandre Letizio"]
[Black "Primo E Silva, Beatriz"]
[Result "1-0"]
[WhiteElo "1824"]
[BlackElo "1401"]
[PlyCount "79"]
[EventDate "2015.10.23"]
[EventType "swiss"]
[EventRounds "6"]
[EventCountry "BRA"]
[SourceTitle "CBM 169 Extra"]
[Source "ChessBase"]
[SourceDate "2015.12.18"]
[SourceVersion "1"]
[SourceVersionDate "2015.12.18"]
[SourceQuality "1"]

1. d4 d5 2. Nf3 c5 3. c3 Nc6 4. Bf4 Nf6 5. e3 Qb6 6. Qb3 c4 7. Qc2 Bf5 8. Qc1 e6 9. Nbd2 Be7 10. Be2 0-0 11. 0-0 Nh5 12. Bg3 Nxg3 13. hxg3 a5 14. a4 Qc7 15. Nh4 Bxh4 16. gxh4 Qd8 17. g3 e5 18. Bf3 e4 19. Bg2 Qf6 20. b3 cxb3 21. Nxb3 Bg4 22. Nc5 b6 23. Nb3 Rac8 24. Qb2 Qg6 25. Nd2 Ne7 26. c4 Nf5 27. cxd5 Nxh4 28. Bxe4 Nf3+ 29. Bxf3 Rc2 30. Qb1 Bh3 31. Be4 Bf5 32. Qxc2 Bxe4 33. Qxe4 Qxe4 34. Nxe4 Re8 35. d6 Kf8 36. Nc3 f5 37. Rab1 Rb8 38. Nd5 Ke8 39. Rxb6 Rc8 40. Rb7 1-0

[Event "Sao Paulo ECP op 6th"]
[Site "Sao Paulo"]
[Date "2015.10.23"]
[Round "1"]
[White "Gazola, Vanessa Ramos"]
[Black "Primo E Silva, Beatriz"]
[Result "1-0"]
[WhiteElo "1984"]
[BlackElo "1401"]
[PlyCount "105"]
[EventDate "2015.10.23"]
[EventType "swiss"]
[EventRounds "6"]
[EventCountry "BRA"]
[SourceTitle "CBM 169 Extra"]
[Source "ChessBase"]
[SourceDate "2015.12.18"]
[SourceVersion "1"]
[SourceVersionDate "2015.12.18"]
[SourceQuality "1"]

1. d4 d5 2. c4 e6 3. Nc3 c5 4. cxd5 exd5 5. Nf3 Nf6 6. g3 Nc6 7. Bg2 Be7 8. 0-0 0-0 9. h3 Bf5 10. dxc5 Bxc5 11. Nb5 Qb6 12. Nc3 Qd8 13. Nh4 Be6 14. Bg5 Be7 15. Nf3 h6 16. Be3 Qd7 17. Kh2 Rfd8 18. Nd4 Nxd4 19. Bxd4 Ne4 20. Rc1 b6 21. e3 Nxc3 22. Rxc3 Rac8 23. Rxc8 Rxc8 24. Qd2 Qb5 25. a3 Qc4 26. Bc3 Bxa3 27. Ra1 Bc5 28. Rxa7 b5 29. Rb7 Bd6 30. Bf3 Rb8 31. Be2 Qb3 32. Rxb8+ Bxb8 33. Qd4 f6 34. Qb6 Bxg3+ 35. Kxg3 d4 36. Qxd4 Qc2 37. Qd3 Qxd3 38. Bxd3 Bc4 39. Bxc4+ bxc4 40. h4 Kf7 41. h5 Ke6 42. e4 Kd6 43. Kg4 Ke6 44. f4 Kf7 45. Kf5 Kf8 46. Kg6 Kg8 47. e5 fxe5 48. Bxe5 Kh8 49. Bxg7+ Kg8 50. Bxh6 Kh8 51. f5 Kg8 52. f6 c3 53. f7+ 1-0